UBT Library

The Times atlas of the Second World War / (Record no. 39639)

000 -LEADER
fixed length control field 00799cem a2200289 4500
001 - CONTROL NUMBER
control field 271879
005 - DATE AND TIME OF LATEST TRANSACTION
control field 20180103074009.0
007 - PHYSICAL DESCRIPTION FIXED FIELD--GENERAL INFORMATION
fixed length control field ad canzn
008 - FIXED-LENGTH DATA ELEMENTS--GENERAL INFORMATION
fixed length control field 890111s1989 nyu e eng
010 ## - LIBRARY OF CONGRESS CONTROL NUMBER
LC control number 89045070
020 ## - INTERNATIONAL STANDARD BOOK NUMBER
International Standard Book Number 0060161787 :
Terms of availability $50.00
034 0# - CODED CARTOGRAPHIC MATHEMATICAL DATA
Category of scale a
040 ## - CATALOGING SOURCE
Original cataloging agency DLC
Transcribing agency DLC
Modifying agency DLC
041 ## - LANGUAGE CODE
Language code of text/sound track or separate title eng
080 ## - UNIVERSAL DECIMAL CLASSIFICATION NUMBER
Universal Decimal Classification number 911 KEE
082 00 - DEWEY DECIMAL CLASSIFICATION NUMBER
Classification number 911 KEE
Edition number 20
100 ## - Rafti
Rafti 16
101 ## - Shkurtesa
Shkurtesa HIS
245 04 - TITLE STATEMENT
Title The Times atlas of the Second World War /
Statement of responsibility, etc edited by John Keegan.
255 ## - CARTOGRAPHIC MATHEMATICAL DATA
Statement of scale Scales differ.
504 ## - BIBLIOGRAPHY, ETC. NOTE
Bibliography, etc Includes bibliographical references (p. 208).
740 0# - ADDED ENTRY--UNCONTROLLED RELATED/ANALYTICAL TITLE
Uncontrolled related/analytical title Times atlas of the 2nd World War.
740 0# - ADDED ENTRY--UNCONTROLLED RELATED/ANALYTICAL TITLE
Uncontrolled related/analytical title Atlas of the Second World War.
740 0# - ADDED ENTRY--UNCONTROLLED RELATED/ANALYTICAL TITLE
Uncontrolled related/analytical title Atlas of the 2nd World War.
906 ## - LOCAL DATA ELEMENT F, LDF (RLIN)
a 7
b cbc
c orignew
d 1
e ocip
f 19
g y-geogmaps
942 ## - ADDED ENTRY ELEMENTS (KOHA)
Source of classification or shelving scheme
Item type Books
Holdings
Withdrawn status Lost status Source of classification or shelving scheme Damaged status Not for loan Collection code Permanent location Current location Shelving location Date acquired Total Checkouts Full call number Barcode Date last seen Price effective from Koha item type
          Koleksioni i përgjithshem UBT - Lipjan UBT - Lipjan Koleksioni i përgjithshem 01/03/2018   911 KEE 002-2994085 01/03/2018 01/03/2018 Books
UBT Library © 2015-2024. All rights reserved University Education for Business and Technology